| 000 | 00935cab a22002175a 4500 | ||
|---|---|---|---|
| 001 | L149759 | ||
| 008 | 100421e20100410xxkado f s 000 0 eng d | ||
| 035 | _a(Sirsi) u149759 | ||
| 041 | 0 | _aeng | |
| 100 | 1 | _aQuinn, David | |
| 245 | 0 | 0 | _aBuckinghamshire |
| 260 | _c2010 | ||
| 490 |
_aEstates Gazette _v(1014) 10 April 2010, (65-73(7) |
||
| 520 | _aArticle on Milton Keynes as the city approaches its 40th anniversary. Features section on the latest plan called MK2050 which focuses on regeneration in the framework of changing housing and demographic trends with the population expected to increase from 200 000 to around 325 000 by 2050. Another section focuses on the Milton Keynes property market. | ||
| 590 | _aKA | ||
| 651 | 4 |
_aEngland and Wales _y1543- |
|
| 690 | _aPROPERTY-COMMERCIAL PROPERTY-COMMERCIAL PROPERTY MARKET | ||
| 690 | _aPROPERTY-PROPERTY MANAGEMENT-REGENERATION | ||
| 700 | 1 | _aHadwick, Geoff | |
| 942 | _n0 | ||
| 999 |
_c82272 _d82272 |
||